000
00318nam a22001457a 4500
020
_a
81-219-2537-1
041
_a
ENG
100
_a
Khurmi.R.S
245
_a
A Textbook of Machine Desing
260
_a
New Delhi
_b
Eurasia Publishing House
_c
2000
300
_a
1098
650
_a
FMP
700
_a
Gupta.J.K
856
_u
FMP
999
_c
573
_d
573